000 00587nam a2200217Ia 4500
003 GCL
008 140319s9999 xx 000 0 eng d
040 _aGCL /
_cGCL
082 0 4 _a347.4209
_bH A
100 1 _aTECKS, JONATHAN
245 1 0 _aTHE ARBITRATION ACT 1996: A COMMENTARY /
_cTECKS, JONATHAN
700 1 _aHARRIS, BRUCE
700 1 _aPLANTEROSE, ROWAN
260 _a[S.N] :
_bBLACK WELL SCIENCE ،
_c1996
300 _a392 P
650 0 4 _aARBITRATION ACT
650 0 4 _aGREAT BRITAIN
650 0 4 _aARBITRATION AND AWARD
650 0 4 _aPLANTERSO, ROWAN
942 _2ddc
_cBK
999 _c13291
_d13291